000
00228nam a2200097Ia 4500
001
714655
005
20250826162909.0
008
250824s9999 xx 000 0 und d
245
0
_a
HAYAT
_c
AYŞE KULİN
260
_b
EVEREST YAYINLARI
999
_c
714655
_d
714655